[Event "Toronto NAYCC U18"]
[Site "Toronto"]
[Date "2013.08.16"]
[Round "5"]
[White "Nasir, Pi"]
[Black "Zheng, Kyle"]
[Result "1-0"]
[WhiteElo "1947"]
[BlackElo "1359"]
[PlyCount "63"]
[EventDate "2013.08.14"]
[EventType "swiss"]
[EventRounds "9"]
[EventCountry "CAN"]
[SourceTitle "EXT 2022"]
[Source "ChessBase"]
[SourceDate "2021.10.06"]
[SourceVersion "1"]
[SourceVersionDate "2021.10.06"]
[SourceQuality "1"]

1. Nf3 f5 2. b3 Nf6 3. Bb2 Nc6 4. g3 d6 5. Bg2 e5 6. 0-0 Bd7 7. c4 Qe7 8. Nc3 Nd8 9. Qc2 c6 10. e4 f4 11. d4 g5 12. dxe5 dxe5 13. Nxe5 Bg7 14. Nxd7 Nxd7 15. Rad1 Ne6 16. Rfe1 Nd4 17. Qc1 f3 18. Bf1 0-0-0 19. Nd5 cxd5 20. cxd5+ Kb8 21. Bxd4 Rc8 22. Qb2 Ne5 23. Rc1 Qd6 24. a4 h5 25. Rxc8+ Rxc8 26. Rc1 Rh8 27. Qc3 h4 28. Qc5 Qxc5 29. Rxc5 hxg3 30. fxg3 Bf8 31. Bxe5+ Ka8 32. Rc8# 1-0

[Event "Toronto NAYCC U18"]
[Site "Toronto"]
[Date "2013.08.15"]
[Round "2"]
[White "Chiku Ratte, Olivier Kenta"]
[Black "Zheng, Kyle"]
[Result "1-0"]
[WhiteElo "2260"]
[BlackElo "1359"]
[PlyCount "53"]
[EventDate "2013.08.14"]
[EventType "swiss"]
[EventRounds "9"]
[EventCountry "CAN"]
[SourceTitle "EXT 2022"]
[Source "ChessBase"]
[SourceDate "2021.10.06"]
[SourceVersion "1"]
[SourceVersionDate "2021.10.06"]
[SourceQuality "1"]

1. d4 f5 2. c4 d6 3. Nc3 Nf6 4. Nf3 g6 5. g3 Bg7 6. Bg2 c6 7. 0-0 0-0 8. d5 cxd5 9. cxd5 Na6 10. Nd4 Nc7 11. h3 Bd7 12. Be3 Qe8 13. Qb3 Qb8 14. a4 Rc8 15. Rfc1 Be8 16. Ncb5 Nxb5 17. axb5 Nd7 18. Ne6 b6 19. Bg5 Nc5 20. Rxc5 bxc5 21. Nxg7 Kxg7 22. Qc3+ Kg8 23. Bh6 e5 24. dxe6 Qc7 25. e7 Qxe7 26. Bd5+ Bf7 27. Qg7# 1-0

[Event "CAN-ch U16"]
[Site "Vancouver"]
[Date "2012.07.08"]
[Round "7"]
[White "Lee, Andrew"]
[Black "Zheng, Kyle"]
[Result "0-1"]
[WhiteElo "1682"]
[BlackElo "1299"]
[PlyCount "104"]
[EventDate "2012.07.03"]
[EventType "swiss"]
[EventRounds "7"]
[EventCountry "CAN"]
[SourceTitle "EXT 2022"]
[Source "ChessBase"]
[SourceDate "2021.10.06"]
[SourceVersion "1"]
[SourceVersionDate "2021.10.06"]
[SourceQuality "1"]

1. e4 e5 2. Nf3 Nc6 3. Bb5 a6 4. Ba4 Bc5 5. 0-0 b5 6. Bb3 Nf6 7. d3 0-0 8. h3 h6 9. Re1 Re8 10. c3 Bb7 11. Nbd2 Bb6 12. Nf1 d5 13. Be3 d4 14. cxd4 Nxd4 15. Nxd4 Bxd4 16. Qe2 a5 17. Bxd4 Qxd4 18. Ng3 Rad8 19. Rad1 g6 20. Qf3 Kg7 21. Rd2 a4 22. Bd1 Qb4 23. Qe3 Nxe4 24. Nxe4 Bxe4 25. Ree2 Bb7 26. a3 Qd6 27. h4 f5 28. f3 Re7 29. d4 Red7 30. dxe5 Qe7 31. Rxd7 Rxd7 32. Bc2 Qxh4 33. Qc3 Qd4+ 34. Qxd4 Rxd4 35. Kf2 f4 36. b3 axb3 37. Bxb3 Bd5 38. Bxd5 Rxd5 39. e6 Kf8 40. e7+ Ke8 41. Rc2 c5 42. Re2 g5 43. g3 c4 44. g4 Rd3 45. Re5 c3 46. Rc5 Kxe7 47. Ke2 Re3+ 48. Kf2 Kd6 49. Rc8 Kd5 50. Rd8+ Kc4 51. Rd1 c2 52. Rd8 Kb3 0-1

[Event "CAN-ch U16"]
[Site "Vancouver"]
[Date "2012.07.04"]
[Round "4"]
[White "Burgert, Conrad"]
[Black "Zheng, Kyle"]
[Result "1/2-1/2"]
[WhiteElo "1250"]
[BlackElo "1299"]
[PlyCount "50"]
[EventDate "2012.07.03"]
[EventType "swiss"]
[EventRounds "7"]
[EventCountry "CAN"]
[SourceTitle "EXT 2022"]
[Source "ChessBase"]
[SourceDate "2021.10.06"]
[SourceVersion "1"]
[SourceVersionDate "2021.10.06"]
[SourceQuality "1"]

1. d4 f5 2. c4 g6 3. Nc3 Nf6 4. Nf3 Bg7 5. Bg5 d6 6. Qd2 Nbd7 7. h3 0-0 8. Bh6 e5 9. 0-0-0 Re8 10. Bxg7 Kxg7 11. g4 Nb6 12. dxe5 Ne4 13. Nxe4 fxe4 14. c5 Nc4 15. Qd4 exf3 16. Qxc4 Qg5+ 17. e3 Rxe5 18. h4 Qxg4 19. Qxg4 Bxg4 20. cxd6 Rc5+ 21. Kb1 Rd8 22. Bh3 Bxh3 23. Rxh3 Rxd6 24. Rxd6 cxd6 25. Rxf3 Rc4 1/2-1/2

[Event "CAN-ch U16"]
[Site "Vancouver"]
[Date "2012.07.04"]
[Round "3"]
[White "Zheng, Kyle"]
[Black "Song, Lin"]
[Result "0-1"]
[WhiteElo "1299"]
[BlackElo "1954"]
[PlyCount "114"]
[EventDate "2012.07.03"]
[EventType "swiss"]
[EventRounds "7"]
[EventCountry "CAN"]
[SourceTitle "EXT 2022"]
[Source "ChessBase"]
[SourceDate "2021.10.06"]
[SourceVersion "1"]
[SourceVersionDate "2021.10.06"]
[SourceQuality "1"]

1. f4 Nf6 2. g3 d6 3. Bg2 g6 4. Nf3 Bg7 5. d3 Nc6 6. c3 Rb8 7. 0-0 0-0 8. Na3 e6 9. e4 Ne7 10. Nh4 a6 11. d4 b5 12. e5 Nd7 13. exd6 cxd6 14. Nc2 Nb6 15. b3 Bb7 16. Qd3 Qc7 17. Ne3 Bxg2 18. Nhxg2 Rfc8 19. Bb2 Ned5 20. Rac1 Qb7 21. Ba3 Qd7 22. Rfd1 a5 23. Bb2 Rc7 24. Nxd5 Nxd5 25. Ne3 Nxe3 26. Qxe3 d5 27. a3 Rbc8 28. b4 axb4 29. axb4 Ra8 30. Ra1 Rca7 31. Rdb1 Qc7 32. Qc1 Qc4 33. Qf1 Rxa1 34. Rxa1 Qxf1+ 35. Kxf1 Rxa1+ 36. Bxa1 Bh6 37. h4 f6 38. Ke2 g5 39. hxg5 fxg5 40. Kf3 Kf7 41. Kg4 Kg6 42. Bb2 gxf4 43. gxf4 Bf8 44. Bc1 h5+ 45. Kf3 Kf5 46. Be3 Bd6 47. Bd2 h4 48. Be3 h3 49. Kg3 h2 50. Kxh2 Bxf4+ 51. Bxf4 Kxf4 52. Kg2 Ke3 53. Kg3 Kd3 54. Kf4 Kxc3 55. Ke5 Kxb4 56. Kxe6 Kc4 57. Ke5 b4 0-1